Molly : a novel /

This debut novel tells the story of nine-year-old Raymond, nicknamed "Ray Moon" by Molly, his adoptive caretaker, a waitress, and the former partner of his recently deceased uncle. These two outcasts rely on one another for survival, and their bond forms the heart of this book. Living in a...

Full description

Bibliographic Details
Main Author: Honold, Kevin, 1969- (Author)
Format: Book
Language:English
Published: Pittsburgh : Autumn House Press, [2022].
Subjects:

MARC

Tag First Indicator Second Indicator Subfields
LEADER 00000cam a2200000Ii 4500
001 in00004553321
003 OCoLC
005 20220311194611.0
008 210408t20222022pau e 000 f eng d
035 |a (OCoLC)1245472494 
040 |a YDX  |e rda  |c YDX  |d COO  |d BDX 
020 |a 1637680023  |q paperback 
020 |a 9781637680025  |q paperback 
043 |a n-us-nm 
050 4 |a PS3608.O4946  |b M65 2022 
082 0 |a 813/.6  |2 23 
100 1 |a Honold, Kevin,  |d 1969-  |e author. 
245 1 0 |a Molly :  |b a novel /  |c Kevin Honold. 
264 1 |a Pittsburgh :  |b Autumn House Press,  |c [2022]. 
264 4 |c ©2022. 
300 |a 171 pages ;  |c 22 cm. 
336 |a text  |2 rdacontent 
337 |a unmediated  |2 rdamedia 
338 |a volume  |2 rdacarrier 
500 |a "Winner of the Autumn House fiction prize"--Half-t.p. verso. 
520 |a This debut novel tells the story of nine-year-old Raymond, nicknamed "Ray Moon" by Molly, his adoptive caretaker, a waitress, and the former partner of his recently deceased uncle. These two outcasts rely on one another for survival, and their bond forms the heart of this book. Living in a trailer atop a mesa in the high desert of New Mexico in 1968, Raymond ages quickly amid hostile circumstances. With the help of a keen imagination that Molly inspires, he navigates various forms of loss and exploitation amid enduring hardship. 
650 0 |a Outcasts  |v Fiction. 
650 0 |a Young men  |v Fiction. 
650 0 |a Waitresses  |v Fiction. 
650 0 |a Imagination  |v Fiction. 
651 0 |a New Mexico  |v Fiction. 
945 |b 190930 
947 |a A14851668088 
948 |a dmitchel 3/11/22 1.44.28 
980 |b print  |c 40030894425  |f LIT/B  |g 565714  |k USD  |m 14.54  |q 1  |s AcqMono Conventional  |t Approval plan  |u Vendor order reference number  |v ZYBP  |y Print approval  |z Physical resource 
999 f f |i 56fc64f9-778e-4c11-b3f4-9d23be552e4c  |s e5f8bf22-b5b7-447f-a47e-cc720aab13b3  |t 0 
952 f f |p normal  |a Texas A&M University  |b College Station  |c Sterling C. Evans Library  |d Evans: Library Stacks  |t 0  |e PS3608.O4946 M65 2022  |h Library of Congress classification  |i unmediated -- volume  |m A14851668088 
998 f f |a PS3608.O4946 M65 2022  |t 0  |l Evans: Library Stacks